Беседы на Евангелие. [Кн. 1] (Запись № 11616454)

Подробности
000 -МАРКЕР
контрольное поле 01266nam2a2200265 4500
001 - ИДЕНТИФИКАТОР ЗАПИСИ
контрольное поле RU\NLR\BIBL_A\011748436
005 - ИДЕНТИФИКАТОР ВЕРСИИ
контрольное поле 20180726094143.0
010 ## - МЕЖДУНАРОДНЫЙ СТАНДАРТНЫЙ НОМЕР КНИГИ (ISBN)
Номер (ISBN) 978-5-9500106-3-7
Тираж 5000
021 ## - НОМЕР ГОСУДАРСТВЕННОЙ РЕГИСТРАЦИИ
Код страны Российская Федерация
Номер КН-П-18-042948
Номер Листа государственной регистраци КН-П-18-3107
035 ## - ДРУГИЕ СИСТЕМНЫЕ НОМЕРА
Идентификатор записи (NLR Aleph) 011748436
100 ## - ДАННЫЕ ОБЩЕЙ ОБРАБОТКИ
Данные общей обработки 20180712d2018 u y0rusy50 ca
101 1# - ЯЗЫК РЕСУРСА
Язык текста, звукозаписи и т.д. русский
Язык оригинала сербский, сербохорв.(кир.)
102 ## - СТРАНА ПУБЛИКАЦИИ ИЛИ ПРОИЗВОДСТВА
Страна публикации Российская Федерация
105 ## - ПОЛЕ КОДИРОВАННЫХ ДАННЫХ: ТЕКСТОВЫЕ МАТЕРИАЛЫ, МОНОГРАФИЧЕСКИЕ
Кодированные данные о монографическом текстовом документе y|||w|||000zy
200 0# - ЗАГЛАВИЕ И СВЕДЕНИЯ ОБ ОТВЕТСТВЕННОСТИ
Основное заглавие [Кн. 1]
210 ## - ПУБЛИКАЦИЯ, РАСПРОСТРАНЕНИЕ И ДР.
Дата издания, распространения и т.д. 2018
215 ## - ФИЗИЧЕСКАЯ ХАРАКТЕРИСТИКА
Специфическое обозначение материала и объем 463 с.
461 #0 - УРОВЕНЬ НАБОРА
Встроенное поле 001RU\NLR\BIBL_A\011747321
-- 2001#$aБеседы на Евангелие$e[перевод с сербского]$fсвятитель Николай Сербский (Велимирович)$v[Кн. 1]
-- 700#0$aНиколай$cВелимирович, Никола$f1880-1956$3RU\NLR\AUTH\779514$cепископ Охридский и Жичский
Системный номер (АБИС) связанной записи 11610472
Автор Николай (Велимирович, Никола ; 1880-1956)
Место публикации Москва
Дата публикации 2018
Первые сведения об ответственности святитель Николай Сербский (Велимирович)
Имя издателя, распространителя и т.д. Ника
Сведения, относящиеся к заглавию [перевод с сербского]
Заглавие Беседы на Евангелие
Номер тома [Кн. 1]
852 ## - МЕСТОНАХОЖДЕНИЕ И ШИФР ХРАНЕНИЯ
Идентификатор организации NLR
Наименование фонда или коллекции (Sub-Location Identifier) 2018-3/18632
942 ## - ДОПОЛНИТЕЛЬНЫЕ ЭЛЕМЕНТЫ ЗАПИСИ (АБИС)
Тип экземпляра АБИС Книга
980 ## - КОЛЛЕКЦИЯ
Название коллекции НБР
980 ## - КОЛЛЕКЦИЯ
Название коллекции Национальная библиография

Нет доступных экземпляров.